Entrées de l'Encyclopédie d'Hyrule dans Zelda Breath of the Wild - Statistiques

Statistiques générales
  • Ce quiz a été pris 51 fois
  • Le résultat moyen est 100 sur 393
Statistiques - réponses
Section Entrée de l'Encyclopédie d'Hyrule % Correct
Créatures Cheval
92%
Monstres Bokoblin
88%
Monstres Lynel
88%
Monstres Lézalfos
76%
Equipements Epée de légende
72%
Monstres Chuchu
68%
Monstres Lynel bleu
68%
Monstres Lynel d'argent
68%
Monstres Moblin
68%
Matériaux Pomme
68%
Monstres Bokoblin bleu
64%
Monstres Bokoblin noir
64%
Monstres Chauve-souris
64%
Monstres Chuchu de feu
64%
Monstres Chuchu de glace
64%
Monstres Chuchu électrique
64%
Monstres Hinox
64%
Monstres Lézalfos bleu
64%
Monstres Lézalfos noir
64%
Monstres Moblin bleu
64%
Monstres Moblin noir
64%
Monstres Bokoblin d'argent
60%
Monstres Chauve-souris de feu
60%
Monstres Chauve-souris de glace
60%
Monstres Chauve-souris électrique
60%
Trésors Gisement
60%
Monstres Hinox bleu
60%
Monstres Hinox noir
60%
Monstres Lynel doré
60%
Monstres Moblin d'argent
60%
Monstres Ombre d'eau de Ganon
60%
Monstres Ombre de feu de Ganon
60%
Monstres Ombre de foudre de Ganon
60%
Monstres Ombre de vent de Ganon
60%
Monstres Stalbokoblin
60%
Monstres Stalmoblin
60%
Monstres Bokoblin doré
56%
Créatures Cheval blanc
56%
Equipements Cimeterre gerudo
56%
Monstres Ganon, le Fléau
56%
Monstres Lézalfos d'argent
56%
Monstres Lézalfos de feu
56%
Monstres Lithorok
56%
Monstres Moblin doré
56%
Monstres Stalézalfos
56%
Créatures Cheval géant
52%
Trésors Gisement nox
52%
Monstres Lézalfos électrique
52%
Monstres Magrok
52%
Monstres Stalhinox
52%
Créatures Vache d'Elimith
52%
Equipements Bouclier d'Hylia
48%
Matériaux Durian max
48%
Equipements Lance zora
48%
Monstres Lézalfos de glace
48%
Monstres Lézalfos doré
48%
Monstres Lynel blanc
48%
Equipements Branche d'arbre
44%
Matériaux Champi enduro
44%
Equipements Epée de garde royale
44%
Equipements Epée de soldat
44%
Equipements Epée de voyageur
44%
Monstres Gardien volant
44%
Monstres Moldarquor
44%
Monstres Sorcier de feu
44%
Monstres Sorcier de glace
44%
Monstres Sorcier électrique
44%
Créatures Alpha
40%
Equipements Arc de garde royal
40%
Matériaux Champi armo
40%
Matériaux Champi d'Hyrule
40%
Créatures Chien hylien
40%
Equipements Couvercle de marmite
40%
Equipements Epée de chevalier
40%
Equipements Flèche de feu
40%
Equipements Flèche explosive
40%
Trésors Gisement précieux
40%
Monstres Lithorok rare
40%
Equipements Louche
40%
Matériaux Melon glagla
40%
Monstres Migrok
40%
Monstres Nano Gardien 1.0
40%
Monstres Nano Gardien 2.0
40%
Monstres Nano Gardien 3.0
40%
Monstres Octoflot
40%
Matériaux Truffe max
40%
Créatures Ane
36%
Equipements Arc royal
36%
Equipements Bouclier zora
36%
Matériaux Champi piment
36%
Trésors Coffre au trésor
36%
Monstres Cryorok
36%
Equipements Epée royale
36%
Equipements Espadon de chevalier
36%
Equipements Flèche archéonique
36%
Equipements Flèche de glace
36%
Equipements Flèche électrique
36%
Monstres Gardien à pied
36%
Créatures Lézard ignifus
36%
Monstres Lithorok nox
36%
Monstres Nedrac
36%
Monstres Octopierre
36%
Monstres Ordrac
36%
Créatures Papillon glagla
36%
Créatures Papillon ignifus
36%
Monstres Rordrac
36%
Equipements Arc de l'hirondelle
32%
Equipements Arc du faucon
32%
Equipements Arc zora
32%
Matériaux Baie
32%
Equipements Bouclier de soldat
32%
Matériaux Champi glagla
32%
Matériaux Champi tempo
32%
Matériaux Champi volt
32%
Equipements Cimeterre des sept joyaux
32%
Equipements Epée des sylvains
32%
Equipements Epée rouillée
32%
Equipements Epée zora
32%
Créatures Fée
32%
Monstres Gardien détérioré
32%
Equipements Lance de cérémonie
32%
Monstres Le Grand Kohga
32%
Créatures Lézard max
32%
Monstres Octocoffre
32%
Créatures Papillon piment
32%
Créatures Perche max
32%
Créatures Saumon max
32%
Monstres Tilhorok
32%
Equipements Arc de chevalier
28%
Equipements Arc de l'aigle
28%
Equipements Arc de soldat
28%
Equipements Arc gerudo
28%
Matériaux Bananes lame
28%
Matériaux Champi lame
28%
Matériaux Champi silencio
28%
Créatures Cocotte
28%
Equipements Espadon de voyageur
28%
Equipements Espadon royal
28%
Equipements Flèche en bois
28%
Monstres Gardien tourelle
28%
Monstres Givrok
28%
Matériaux Grosse truffe max
28%
Monstres Héliss
28%
Matériaux Herbes d'Hyrule
28%
Matériaux Herbes glagla
28%
Matériaux Herbes piment
28%
Equipements Lance d'écailles
28%
Equipements Lance de soldat
28%
Créatures Libellule glagla
28%
Equipements Massue boko
28%
Monstres Officier yiga
28%
Créatures Papillon volt
28%
Créatures Perche d'Hyrule
28%
Créatures Perche enduro
28%
Matériaux Piment
28%
Matériaux Radis max
28%
Monstres Sorcier blizzaro
28%
Monstres Sorcier brasero
28%
Créatures Staldestrier
28%
Créatures Truite piment
28%
Equipements Arc boko
24%
Equipements Arc du dieu bestial
24%
Equipements Arc en bois
24%
Equipements Baguette de feu
24%
Equipements Baguette de glace
24%
Equipements Baguette des météores
24%
Equipements Baguette électrique
24%
Monstres Bokoblin maudit
24%
Equipements Bouclier archéonique
24%
Equipements Bouclier des sept joyaux
24%
Equipements Bouclier des sylvains
24%
Equipements Bouclier de voyageur
24%
Equipements Bouclier du dieu bestial
24%
Equipements Bouclier en bois
24%
Equipements Bouclier gerudo
24%
Equipements Bouclier royal
24%
Equipements Brise-montagne
24%
Matériaux Carotte tempo
24%
Matériaux Carotte vigueur
24%
Equipements Epée du dieu bestial
24%
Equipements Espadon de garde royale
24%
Equipements Espadon de soldat
24%
Equipements Espadon rouillé
24%
Créatures Grenouille tempo
24%
Matériaux Gros radis max
24%
Matériaux Herbes volt
24%
Monstres Lézalfos maudit
24%
Créatures Libellule piment
24%
Créatures Libellule volt
24%
Monstres Moblin maudit
24%
Monstres Octofourré
24%
Matériaux Princesse de la sérénité
24%
Créatures Rumy
24%
Monstres Sorcier fulguro
24%
Monstres Sous-fifre yiga
24%
Créatures Truite glagla
24%
Créatures Truite volt
24%
Equipements Arc de lumière
20%
Equipements Arc des sylvains
20%
Equipements Arc de voyageur
20%
Equipements Balai-brosse
20%
Equipements Boomerang
20%
Equipements Bouclier boko
20%
Equipements Bouclier de chevalier
20%
Equipements Bouclier de garde royal
20%
Equipements Bouclier de Gardien 1.0
20%
Equipements Bouclier de Gardien 3.0
20%
Equipements Bouclier poisson
20%
Créatures Chèvre à dos noir
20%
Créatures Crabe armo
20%
Créatures Crabe lame
20%
Equipements Epée des flammes
20%
Matériaux Fleur armo
20%
Matériaux Fleur lame
20%
Matériaux Fleur silencio
20%
Equipements Fourche
20%
Matériaux Fruit volt
20%
Monstres Ganon, créature maléfique
20%
Equipements Lance archéonique
20%
Equipements Lance de voyageur
20%
Créatures Luciole de la sérénité
20%
Créatures Morse des SAables
20%
Monstres Octoneige
20%
Créatures Renard des plaines
20%
Equipements Arc à double encoche
16%
Créatures Biche des montagnes
16%
Equipements Bouclier de Gardien 2.0
16%
Equipements Bouclier de Lynel
16%
Equipements Bouclier du soleil
16%
Créatures Carpe armo
16%
Equipements Casse-pierre
16%
Créatures Cerf des montagnes
16%
Matériaux Champi vigueur
16%
Matériaux Citrouille armo
16%
Créatures Daurade lame
16%
Equipements Epée des glaces
16%
Equipements Epée électrique
16%
Equipements Eventail Korogu
16%
Equipements Glaive archéonique
16%
Equipements Hallebarde de chevalier
16%
Equipements Hallebarde de garde royale
16%
Equipements Lance de Gardien 1.0
16%
Equipements Lance de Gardien 2.0
16%
Equipements Lance de Gardien 3.0
16%
Equipements Lance des sylvains
16%
Equipements Lance lézal
16%
Créatures Lézard tempo
16%
Matériaux Noix de coco
16%
Créatures Sanglier à crocs rouges
16%
Créatures Sauterelle enduro
16%
Créatures Scarabée enduro
16%
Equipements Torche
16%
Equipements Trident gerudo
16%
Créatures Truite silencio
16%
Créatures Turbo max
16%
Créatures Aigrette rose
12%
Equipements Arc à pointes boko
12%
Equipements Arc archéonique
12%
Equipements Arc de Lynel
12%
Equipements Arc du roi bestial
12%
Equipements Arc lézal
12%
Monstres Arquor Rex
12%
Créatures Autruche d'Ordinn
12%
Equipements Batte moblin
12%
Equipements Boomerang lézal
12%
Equipements Bouclier de l'égide
12%
Equipements Bouclier du roi bestial
12%
Equipements Bouclier lapins
12%
Equipements Bouclier lézal
12%
Equipements Brise-roc
12%
Créatures Carpe lame
12%
Equipements Cimeterre du clair de lune
12%
Créatures Corbeau des montagnes
12%
Créatures Crabe enduro
12%
Equipements Draco-bouclier boko
12%
Equipements Draco-massue boko
12%
Equipements Epée de Lynel
12%
Equipements Epée du roi bestial
12%
Créatures Escargot silencio
12%
Equipements Espadon gerudo
12%
Créatures Grenouille vigueur
12%
Equipements Hache de bûcheron
12%
Equipements Hache de Gardien 1.0
12%
Equipements Hache de Gardien 2.0
12%
Equipements Hache de Gardien 3.0
12%
Equipements Hache de maître
12%
Equipements Hallebarde rouillée
12%
Equipements Hallebarde royale
12%
Equipements Harpon de pêcheur
12%
Equipements Javelot
12%
Equipements Lame rémige
12%
Equipements Lance d'écailles radieuse
12%
Equipements Lance rémige
12%
Equipements Longue épée des flammes
12%
Créatures Madame Patricia
12%
Monstres Méga Magrok
12%
Créatures Ours Empereur
12%
Créatures Pigeon arc-en-ciel
12%
Créatures Pigeon commun
12%
Equipements Rame
12%
Equipements Sabre de la défiance
12%
Créatures Sanglier sylvestre
12%
Créatures Scarabée armo
12%
Créatures Scarabée lame
12%
Equipements Trident des flammes
12%
Equipements Trident des glaces
12%
Matériaux Violettes tempo
12%
Equipements Arc de la dévotion
8%
Equipements Baguette des blizzards
8%
Equipements Boomerang lézal robuste
8%
Equipements Boomerang lézal trilame
8%
Equipements Bouclier à pointes boko
8%
Equipements Bouclier lézal en acier
8%
Equipements Bouclier lézal robuste
8%
Créatures Buffle des marais
8%
Créatures Chèvre blanche
8%
Créatures Daurade armo
8%
Equipements Draco-batte moblin
8%
Créatures Ecureuil dresse-panache
8%
Créatures Elan de Tabanta
8%
Equipements Espadon du dieu bestial
8%
Equipements Espadon du roi bestial
8%
Créatures Faucon à queue rayée
8%
Equipements Fourche électrique
8%
Equipements Glaive de Gardien 1.0
8%
Equipements Glaive de Gardien 2.0
8%
Equipements Glaive de Gardien 3.0
8%
Equipements Grand boomerang
8%
Equipements Lance moblin
8%
Equipements Longue épée archéonique
8%
Equipements Longue épée des glaces
8%
Créatures Loup des neiges
8%
Equipements Maillet ressort
8%
Equipements Marteau en fer
8%
Equipements Massue à pointes boko
8%
Créatures Moineau bleu vague
8%
Créatures Moineau pentacolore
8%
Equipements Os de Bokoblin
8%
Equipements Os de Lézalfos
8%
Equipements Os de Moblin
8%
Créatures Ours Mellivore
8%
Créatures Aigrette à ailes bleues
4%
Equipements Arc lézal en acier
4%
Equipements Arc lézal robuste
4%
Equipements Baguette de fulguration
4%
Equipements Batte à pointes moblin
4%
Equipements Batte boko
4%
Equipements Bouclier faune
4%
Equipements Bouclier rouillé
4%
Créatures Canard à taches blanches
4%
Créatures Carpe tricolore
4%
Créatures Coyote Assek
4%
Equipements Draco-arc boko
4%
Equipements Draco-batte boko
4%
Equipements Epieu boko
4%
Equipements Espadon de Lynel
4%
Matériaux Fruit de lotus tempo
4%
Equipements Hallebarde du dieu bestial
4%
Equipements Hallebarde du roi bestial
4%
Equipements Houe
4%
Equipements Lance lézal robuste
4%
Equipements Longue épée de vertu
4%
Equipements Longue épée électrique
4%
Equipements Longue épée zora
4%
Créatures Loup brigand
4%
Créatures Moineau carné
4%
Créatures Moineau doré
4%
Créatures Mouette marine
4%
Créatures Mouton des plateaux
4%
Monstres Octociel
4%
Equipements Petit sabre de la défiance
4%
Créatures Pigeon flamboyant
4%
Créatures Pigeon immaculé
4%
Matériaux Rayon de miel enduro
4%
Créatures Renard neigeux
4%
Créatures Rhinocéros à long nez
4%
Equipements Tétralame Mort-subite
4%
Equipements Tranche-démons
4%
Equipements Batte à pointes boko
0%
Equipements Bouclier de l'accalmie
0%
Equipements Draco-épieu boko
0%
Equipements Draco-lance moblin
0%
Equipements Epieu à pointes boko
0%
Equipements Fourche lézale
0%
Monstres Guide Miz'Kyosia
0%
Equipements Lance à pointes moblin
0%
Equipements Lance de Lynel
0%
Equipements Lance du tourment
0%
Equipements Masse perforatrice
0%
Créatures Moineau fouisseur
0%
Créatures Monieau ordinaire
0%
Equipements Sabre tranche-vent
0%
Equipements Serpe coupe-gorge
0%
Aucun quiz correspondant
Distribution des résultats
% des personnes avec chaque résultat
Percentile par nombre de réponses
Votre historique - résultats
Vous n’avez pas pris ce quiz